00231nam a2200097Ia 4500008004100000041000800041082001200049100001000061245003300071260002900104231212s1976 xx 000 0 und d aeng a621.381 aSinha aTransmission Lines & network aNew DelhibWheelerc1976